Vplyv hospodárskej krízy na podnikanie spoločnosti Azet.sk, a. s. diplomová práca

Salvato in:
Dettagli Bibliografici
Autore principale: Tkáčová, Miroslava
Ente Autore: Podnikovohospodárska fakulta EU so sídlom v Košiciach. Katedra účtovníctva a financií
Altri autori: Škultéty, Jozef
Natura: Libro
Lingua:slovacco
Pubblicazione: Košice 2012
Tags: Aggiungi Tag
Nessun Tag, puoi essere il primo ad aggiungerne!!

MARC

LEADER 00000nbm a2200000 4500
001 0158575
005 20161109102203.8
041 0 |a slo 
044 |a SK 
245 1 0 |a Vplyv hospodárskej krízy na podnikanie spoločnosti Azet.sk, a. s.  |b diplomová práca  |c Miroslava Tkáčová ; školiteľ: Jozef Škultéty 
264 1 |a Košice  |c 2012 
300 |a 68 s. 
100 1 |a Tkáčová, Miroslava 
700 1 |a Škultéty, Jozef 
710 2 |a Podnikovohospodárska fakulta EU so sídlom v Košiciach. Katedra účtovníctva a financií